Kena : recetario desprendible : lo mejor de la comida mexicana /

Guardado en:
Detalles Bibliográficos
Otros autores: Moreno, María Eugenia (dirección) (dirección)
Formato: Libro
Idioma:Español
Publicado: México : Editorial Femenina, fecha no identificada
Etiquetas: Agrega una etiqueta
Sin etiquetas, Sé el primero en etiquetar este registro!

MARC

LEADER 00000nam^a2200000^a^4500
001 000613614
005 20250521000000.0
009 20260310133625.031
037 |a Acervo ITESO - Biblioteca 
041 |a ESP 
091 |a FCR. 02479 
240 1 1 |a [Revista Kena] 
245 0 0 |a Kena :  |b recetario desprendible : lo mejor de la comida mexicana / 
264 1 |a México :  |b Editorial Femenina,  |c fecha no identificada 
300 |a XXX p. 
336 |a texto  |b txt  |2 rdacontenido 
337 |a sin mediación  |b n  |2 rdamedio 
338 |a volumen  |b nc  |2 rdasoporte 
649 |a XX 
700 |a Moreno, María Eugenia  |e (dirección) 
910 |a Fondo Cristina Romo Gil 
920 |a Impresos - Libros 
930 |a Fondos Especiales 
905 |a 143 
901 |a 613614-10  |b IT2  |c ESP  |i D122641  |u 20250521 
902 |a https://opac.biblio.iteso.mx/vufind/Record/000613614